00781nam a2200205 a 45000010005000000030005000050050017000100080041000270400020000682450066000882600021001543000011001755000116001866500077003026500036003796500042004159420013004579990015004709520090004854232CDMR20131212133311.0130130s1987||||||||||||||||||||||||||||d aCDMRbcatcCDMR 0aComunicación y desarrollocSebastián Alegrett... [et al.] aLimac1987bIPAL a354 p. aPonències presentades a la Mesa Redonda sobre Comunicación y Desarrollo organizada por IPAL al maig de 19860494427aMitjans de comunicació de massa en el desenvolupament comunitari0494399aComunicacióxCongressos0494289aComunicacióxAspectes socials cMON2udc c4232d4232 00104070aCDMRbCDMRd2013-01-16l0oCpCDMR1312613565r2013-01-16w2013-01-16yMON